Palócz László
Elmentve itt :
| Dokumentumtípus: | Cikk |
|---|---|
| Megjelent: |
1930-10-17
|
| Sorozat: | Délmagyarország
6 No. 234 |
| Kulcsszavak: | Palócz László, Gyászjelentés |
| Online Access: | http://dmarchiv.bibl.u-szeged.hu/38927 |
| LEADER | 00404nab a2200145 i 4500 | ||
|---|---|---|---|
| 001 | delm38927 | ||
| 005 | 20180927130100.0 | ||
| 008 | 180927s1930 hu o 0|| hun d | ||
| 040 | |a SZTE Délmagyarország Archívum |b hun | ||
| 041 | |a hun | ||
| 245 | 0 | 0 | |a Palócz László |h [elektronikus dokumentum] |
| 260 | |c 1930-10-17 | ||
| 300 | |a 4 | ||
| 490 | 0 | |a Délmagyarország |v 6 No. 234 | |
| 695 | |a Palócz László, Gyászjelentés | ||